• 首页
  • 本馆介绍
  • 公告通知
  • 最新文献
  • 馆藏检索
  • 电子资源
  • 读者导购
  • 参考咨询
  • 我的图书馆
  • 登录
  • 详细信息显示
  • 放入我的书架
  • 预约/预借图书
  • 作者相关作品
  • 分类相关作品
  • 丛书相关作品
  • 出版社相关作品

书目信息

  • 表格格式
  • 工作单格式
  • 卡片格式
题名:
量子光学导论
    
 
作者: 谭维翰 著
分册:  
出版信息: 北京   科学出版社  2012.05
页数: 10,404页
开本: 24cm
丛书名: 现代物理基础丛书
单 册:
中图分类: O431.2
科图分类:
主题词: 量子光学
电子资源:
ISBN: 978-7-03-033976-8
000 01119oam2 2200289 450
001 0120172182840
005 20170512103551.26
010    @a978-7-03-033976-8@dCNY138.00
010    @a978-7-03-051556-8@dCNY7600.00(全59册)
100    @a20170427e20172012em y0chiy50 ea
101 0  @achi
102    @aCN@b110000
105    @aa z 000yy
106    @ar
200 1  @a量子光学导论@9liang zi guang xue dao lun@f谭维翰著
205    @a2版
210    @a北京@c科学出版社@d2012.05@h2017.01重印
215    @a10,404页@c图@d24cm
225 2  @a现代物理基础丛书@e典藏版@v37
330    @a本书内容共8章,1-3章为光与介质相互作用的半经典与光量子理论,4-7章为量子光学的主体,含激光振荡、光的相干性、场的相关函数表示、光的相干态、P表象、光场二阶相关函数、群聚与反群聚、EPR悖论、Bell不等式、光的纠缠态、压缩态,还有共振荧光、激光偏转原子束等,第8章为光学参量下转换的动力学及其应用。
333    @a高校物理与激光专业的本科生等
461  0 @12001 @a现代物理基础丛书@v37
606 0  @a量子光学
690    @aO431.2@v5
701  0 @a谭维翰@9tan wei han@4著
801  0 @aCN@b人天书店@c20170427
905    @b990039-42@dO431.2@e128=2@f4
    
    量子光学导论/谭维翰著.-2版.-北京:科学出版社,2012.05(2017.01重印)
    10,404页:图;24cm.-(现代物理基础丛书:典藏版;37)
    使用对象:高校物理与激光专业的本科生等
    
    ISBN 978-7-03-033976-8:CNY138.00
    本书内容共8章,1-3章为光与介质相互作用的半经典与光量子理论,4-7章为量子光学的主体,含激光振荡、光的相干性、场的相关函数表示、光的相干态、P表象、光场二阶相关函数、群聚与反群聚、EPR悖论、Bell不等式、光的纠缠态、压缩态,还有共振荧光、激光偏转原子束等,第8章为光学参量下转换的动力学及其应用。
●
相关链接 在E读中查询图书 在五车中查询图书 在当当中查询图书 在豆瓣中查询图书


正题名:量子光学导论     索取号:O431.2/128=2         预约/预借

序号 登录号 条形码 馆藏地/架位号 状态 备注
1 990039   209900393   第二样本阅览室/ [索取号:O431.2/128=2] 在馆    
2 990040   209900400   第三借阅区/ [索取号:O431.2/128=2] 在馆    
3 990041   209900419   密集书库-物理学院/ [索取号:O431.2/128=2] 在馆    
4 990042   209900428   第三借阅区/ [索取号:O431.2/128=2] 在馆    
唐山师范学院图书馆 欢迎您!
大连网信软件有限公司© 版权所有